000 00582nam a2200181 4500
001 10927
005 20230410115415.0
008 060907n2004 dr spa
020 _a9509217786
035 _9funglode11011
041 _aES
050 1 4 _aHD 4901 T758 2004
245 0 3 _aEl trabajo frente al espejo :
_bcontinuidades y rupturas en los procesos de construcción identitaria de los trabajadores /
_cOsvaldo Battistini, coordinador
260 _aBuenos Aires :
_bPrometeo Libros,
_c2004
300 _a395 p.
700 _aBattistini, Osvaldo
942 _2lcc
_cbk
999 _c40559
_d40559